100 receitas de macarrão / (Record no. 1014)
[ view plain ]
| 000 -LÍDER | |
|---|---|
| campo de controle de tamanho fixo | 00725nam a22002537a 4500 |
| 003 - IDENTIFICADOR DO NÚMERO DE CONTROLE | |
| campo de controle | OSt |
| 005 - DATA E HORÁRIO DA ÚLTIMA TRANSAÇÃO | |
| campo de controle | 20251126133539.0 |
| 008 - CAMPO DE DADOS FIXOS--INFORMAÇÃO GERAL | |
| campo de controle de tamanho fixo | 251126b |||||||| |||| 00| 0 eng d |
| 020 ## - ISBN - INTERNATIONAL STANDARD BOOK NUMBER | |
| ISBN - International Standard Book Number | 8525409944 |
| 040 ## - FONTE DA CATALOGAÇÃO | |
| Instituição que transcreveu o registro | Nolita |
| 041 ## - CÓDIGO DE IDIOMA | |
| Código do idioma do texto/trilha sonora ou título diferente | Português |
| 100 1# - ENTRADA PRINCIPAL--NOME PESSOAL | |
| Nome pessoal | Lancellotti, Sílvio, |
| Datas associadas ao nome | 1944- |
| 9 (RLIN) | 273 |
| 245 ## - TÍTULO | |
| Título | 100 receitas de macarrão / |
| Indicação de responsabilidade, etc. | Sílvio Lancellotti |
| 246 ## - FORMA VARIANTE DO TÍTULO | |
| Título/título abreviado | [Cem receitas de macarrão] |
| 260 ## - PUBLICAÇÃO, DISTRIBUIÇÃO, ETC. | |
| Local de publicação, distribuição, etc. | Porto Alegre : |
| Nome do editor, distribuidor, etc. | L&PM, |
| Data da publicação, distribuição, etc. | 1999 |
| 300 ## - DESCRIÇÃO FÍSICA | |
| Extensão | 170 p. ; |
| Dimensões | 19 cm |
| 490 ## - TÍTULO DA SÉRIE | |
| Título da série | (Coleção L&PM Pocket Gastronomia ; |
| Número do volume ou designação sequencial da série | v. 1) |
| 500 ## - NOTA GERAL | |
| Nota geral | Inclui índice. |
| 650 #0 - ASSUNTO--TERMO TÓPICO | |
| Cabeçalho tópico ou nome geográfico | Gastronomia |
| 9 (RLIN) | 7 |
| 650 #0 - ASSUNTO--TERMO TÓPICO | |
| Cabeçalho tópico ou nome geográfico | Culinária |
| Subdivisão geral | Massas |
| 9 (RLIN) | 133 |
| 650 #0 - ASSUNTO--TERMO TÓPICO | |
| Cabeçalho tópico ou nome geográfico | Culinária |
| Subdivisão geral | Macarrão |
| 9 (RLIN) | 600 |
| 650 #0 - ASSUNTO--TERMO TÓPICO | |
| Cabeçalho tópico ou nome geográfico | Receitas |
| 9 (RLIN) | 12 |
| 942 ## - ELEMENTOS DE ENTRADA ADICIONADOS (KOHA) | |
| Fonte de classificação ou esquema de arquivamento | Classificação decimal de Dewey |
| Tipo de material Koha | Livros |
| Ocultar no OPAC | Não |
| Situação do descarte | Situação das perdas | Fonte de classificação ou esquema de arquivamento | Status danificado | Não pode ser emprestado | Coleção | Biblioteca de origem | Biblioteca atual | Data de aquisição | Total de empréstimos | Número de chamada completo | Código de barras | Data de último acesso | Data do preço efetivo | Tipo de material Koha |
|---|---|---|---|---|---|---|---|---|---|---|---|---|---|---|
| Classificação decimal de Dewey | Não ficção | Nolita Roastery | Nolita Roastery | 11/26/2025 | L1093 | L1093 | 11/26/2025 | 11/26/2025 | Livros |